1107 1463 1469 1535 1041 1601 1409 1066 1294 1960 1586 1322 1784 1334 1139 1201 1656 1940 1823 1124 1281 1121 1202 1430 1784 1060 1454 1177 1940 1826 1685 1325 1692 1466 1739 1379 1315 1710 1689 1013 1530 1843 1457 1221 1531 1475 1073 1557 1064 1280 1613 1823 1160 1445 1672 1322 1533 1186 1183 1386 1454 1931 1662 1294 1510 1530 1233 1050 1884 1242 1955 1759 1728 1477 1352 1626 1726 1335 1044 1114 1203 1677 1996 1830 1223 1436 1636 1666 1139 1275 1006 1299 1458 1120 1264 1056 1879 1904 1461 BCNSPRNW ULIB Ver.6.0+V

เปลี่ยนเป็นภาษาไทย

Change to English
 แสดงรายละเอียดบรรณานุกรม
  กลับหน้าหลัก

Brief Record : Get Marc (ISO 2709) : E-mail record : QR code < ปิดหน้าต่าง
LEADER : 00000nam 2200000uu 4500
001    13399113475
003     ULIB
008    111121s2551||||th 000 0 tha d
020    ^a9789740323341
060 04 ^aQY90^bว712บ 2551
100 0  ^aวิโรจน์ ไววานิชกิจ
245 10 ^aบทบาทของพยาบาลในงานด้านการชันสูตรโรคทางห้องปฏิบัติการ /^cวิโรจน์ ไววานิชกิจ
250    ^aพิมพ์ครั้งที่ 1
260    ^aกรุงเทพฯ :^bสำนักพิมพ์แห่งจุฬาลงกรณ์มหาวิทยาลัย,^c2551
300    ^a85 หน้า :^bภาพประกอบ ;^c21 ซม.
650  7 ^aการวินิจฉัยโรคทางห้องปฏิบัติการ
650  7 ^aพยาบาล
945    ^p90^l0^i16149
995    ^a กัณชพร
999    ^aใช้งานได้ทุกระบบ
รายการนี้ยังไม่มีแท็ก
คุณยังไม่ได้ล็อกอิน คุณสามารถมีกิจกรรมร่วมกับเว็บไซต์ได้ แต่ต้องล็อกอินก่อน ::
  ล็อกอิน

รายการสื่อสารสนเทศ

ลำดับที่ ประเภท เลขเรียก/บาร์โค้ด สถานที่ สถานะ
- ไม่พบข้อมูล -

รายการใกล้เคียง
    ผู้แต่ง [วิโรจน์ ไววานิชกิจ]

    หัวเรื่อง [การวินิจฉัยโรคทางห้องปฏิบัติการ]
    หัวเรื่อง [พยาบาล]

BibComment


ยังไม่เคยถูกคอมเมนท์

คอมเมนท์ทรัพยากรรายการนี้
  คอมเมนท์: บทบาทของพยาบาลใน..


 Copyright 2026. Bcnsprnw @Library